| 000 | 00483nam a22001337a 4500 | ||
|---|---|---|---|
| 005 | 20241119174722.0 | ||
| 008 | 241119b |||||||| |||| 00| 0 eng d | ||
| 020 | _a08550840 | ||
| 245 |
_aThe Ghana Law Reports 1987-88 Vol. 1 _cCases determined by the High Court, the Court of Appeal and the Supreme Court of the Republic of Ghana |
||
| 260 |
_aAccra, Ghana _bCouncil for Law Reporting _c1993 |
||
| 300 |
_axxxiv, 804 pages _c24.5 cm |
||
| 650 |
_2Law Reports _xGhana |
||
| 942 |
_2lcc _cBK _n0 |
||
| 999 |
_c1345 _d1345 |
||